Regions of the Czech Republic - Statistics

General Stats
  • This quiz has been taken 248 times
  • The average score is 10 of 14
Answer Stats
Region % Correct
Prague
90%
South Bohemia
80%
Central Bohemia
79%
Plzeň
77%
Liberec
75%
Olomouc
75%
South Moravia
75%
Karlovy Vary
74%
Ústí nad Labem
72%
Pardubice
70%
Hradec Králové
69%
Zlín
69%
Moravia-Silesia
67%
Vysočina
65%
No matching quizzes found
Score Distribution
Percent of People with Each Score
Percentile by Number Answered
Your Score History
You have not taken this quiz